000 00975nam a2200217 a 4500
001 000041531
005 20201002035626.0
008 131009s1981 sp 001 0 spa d
020 _a8400049926
040 _aDO-SdBNP
_bspa
_cBNPHU
082 _axxx
_bG643i
100 1 _aGonzález Rodríguez, Jaime
_968259
245 1 3 _aLa idea de Roma en la historiografía Indiana :
_b(1492-1550) /
_cJaime González Rodríguez ; prólogo Juan Pérez de Tudela Y Bueso.
260 _aMadrid :
_bConsejo Superior de Investigaciones Científicas, Instituto "Gonzalo Fernández de Oviedo",
_c1981.
300 _axiii, 225 p. ;
_c25 cm.
490 1 _aTierra nueva e cielo nuevo (Instituto Gonzalo Fernández de Oviedo)
_v2
500 _aIncluye referencias bibliográficas y notas al pie de las páginas.
504 _aBibliografía: p. 201-214
700 1 2 _aPérez de Tudela Y Bueso, Juan
_968260
830 0 _aTierra nueva e cielo nuevo (Instituto Gonzalo Fernández de Oviedo)
_n2
_968261
999 _c41021
_d41021